000 00683nam a2200241Ia 4500
003 OSt
005 20220930195736.0
006 a|||||r|||| 00| 0
007 ta
008 220926b |||||||| |||| 00| 0 hin d
024 _a16464
037 _cDissertations
040 _aCRL
_cCRL
_bhin
041 _2hin
_ahin
100 _aSrivastava Ritu Rani
_9528630
110 _aUniversity of Delhi. Faculty of Arts. Department of Sanskrit
245 0 _aKumarsambhav mein na nipaat
260 _c1989
650 _aSANSKRIT
700 _aUniversity of Delhi. Faculty of Arts. Department of Sanskrit
942 _cDIS
_2CC
999 _c899589
_d899589